000 00348 a2200157 4500
001 60582
020 _a
040 _cAnchieta - Pituba
100 _aTeixeira, Anísio Spínola
240 1 0 _aO ensino no estado da Bahia
_lpor
245 1 0 _aO ensino no estado da Bahia
300 _a123
362 0 _a2001
650 4 _aEducação
942 _cBK
999 _c60582
_d60582